01323nab a22002177a 4500003000400000005001700004008004100021040000700062100002100069245009300090300001500183500003700198505047900235505013100714650002300845650002900868650001400897650001200911650002900923773015300952OSt20260126044914.0190514b xxu||||| |||| 00| 0 spa d cPJ aImas, Verónica10aProgenitores y abuelos : ccomparando y asumiendo responsabilidades /bVerónica Imas.  ap. 193-203 aCita: TR LALEY AR/DOC/2671/2024. aSumario: I. Introducción.— II. Hechos.— III. Necesidades de las hijas. Mantener el nivel de vida.— IV. Capacidad económica del alimentante. Ingresos de los progenitores.— V. Obligación alimentaria por parte de los abuelos. Subsidiariedad. Requisitos de admisibilidad. Grupos vulnerables.— VI. Ingresos de los abuelos.— VII. Valor económico de las tareas de cuidado personal.— VIII. Perspectiva de género. Perspectiva de niñez.— IX. Conclusiones.  tFallo comentado: ST Entre Ríos, sala II civil y com. ~ 06/06/2024 ~ B. V. L. c. R. G. J., R. J. P. Y S. S. E. s/ alimentos. 0aDERECHO DE FAMILIA 0aRESPONSABILIDAD PARENTAL 0aALIMENTOS 0aABUELOS 0aJURISPRUDENCIA APLICABLE0 02844dBuenos Aires : AbeledoPerrot, 1989-tDerecho de familia. Revista Interdisciplinaria de doctrina y jurisprudencia. Diciembre 2024-VI.z18511201